Normal view MARC view
  • México.

Entry Nombre Corporativo

Number of records used in: 48

001 - NÚMERO DE CONTROL

  • campo de control: 5954

003 - IDENTIFICADOR DE NUMERO DE CONTROL

  • campo de control: MX-MxUPN

005 - FECHA Y HORA DE LA ÜLTIMA TRANSACCIÓN

  • campo de control: 20250210094837.0

008 - DATOS DE LONGITUD FIJA

  • campo de control de longitud fija: 250210n| fcnnnaabn fa ana |d

035 ## - NÚMERO DE CONTROL

  • Número de control: UPN10000005954

040 ## - FUENTE DE CATALOGACIÓN

  • Agencia original de catalogación: MX-MxUPN
  • Lenguaje de catalogación: spa
  • Agencia transcribe: MX-MxUPN

110 1# - ENCABEZAMIENTO - NOMBRE CORPORATIVO

  • Nombre corporativo o de jurisdicción como elemento de entrada : México.
  • Unidad subordinada: Secretaría de Educación Pública
  • Subdivisión de forma: Informes

410 2# - MENCIÓN DE REFERENCIA “VÉASE” – NOMBRE DE ENTIDAD CORPORATIVA

  • Corporate name or jurisdiction name as entry element: Secretaría de Educación Pública (México)
  • Form subdivision: Informes

670 ## - FUENTE EN LA QUE SE LOCALIZARON DATOS

  • Cita de la fuente : T/P
  • Información localizada: Acción educativa del Gobierno Federal del 1o. de septiembre de 1955 al 31 de agosto de 1956

902 ## - CATALOGADOR

  • Catalogador: JMG/220297